| 000 | 00499nam a2200157Ia 4500 | ||
|---|---|---|---|
| 008 | 210716s2012 xx 000 0 und d | ||
| 020 | _a9788131766606 | ||
| 041 | _aeng | ||
| 082 | _a621.3821 DEIP | ||
| 100 | _aDeitel, Paul; Deitel Harvey; Deitel, Abbey; Kern, Eric; Morgano, Michael | ||
| 245 |
_aiPhone for programmers:an app- driven approach. _bApp- driven approach. |
||
| 250 | _a1 | ||
| 260 |
_aNew Delhi _bPearson _c2012 |
||
| 300 | _axxxiv,408 | ||
| 650 | _aCommunication Network(621.3821) | ||
| 999 |
_c193270 _d193270 |
||